Widok standardowy
Widok MARC
Pozycja Genre/Form Term
Liczba rekordów, w których użyto hasła: 3
001 - Numer kontrolny
- control field: 40545
003 - Identyfikator numeru kontrolnego
- control field: NUKAT
005 - Data i czas ostatniej modyfikacji
- control field: 20260425220939.0
008 - Dane kontrolne kodowane (40 znaków)
- fixed length control field: 170306n||azznnbabn |a ana |
010 ## - Numer kontrolny Biblioteki Kongresu
- numer kontrolny LC: p 2017038135
035 ## - Numer systemowy
- numer systemowy: a36035592
035 ## - Numer systemowy
- numer systemowy: (PL)a0000003603559
040 ## - Instytucja sporządzająca rekord
- inst. przygot. dane do rek. khw: WA N
- język haseł przedmiotowych/tezaurus: DBN
- inst. wprow. rek. khw: WA N
155 ## - Hasło - nazwa rodzaju/formy
- nazwa rodzaju/formy: Protokoły
550 ## - Trop zob. też - nazwa pospolita
- nazwa posp. lub nazwa geogr. na pocz.: Zjazdy i konferencje
555 ## - Trop zob. też - nazwa rodz. lub formalna
- podpole kontrolne: g
- nazwa rodzajowa/formalna: Dokumenty
555 ## - Trop zob. też - nazwa rodz. lub formalna
- podpole kontrolne: h
- nazwa rodzajowa/formalna: Protokół egzaminacyjny
555 ## - Trop zob. też - nazwa rodz. lub formalna
- podpole kontrolne: h
- nazwa rodzajowa/formalna: Protokół rady pedagogicznej